01109nam a22001937a 450000500170000000800400001704000250005704100080008204400070009010000330009724501740013026000940030430000220039850002120042052001840063265000240081665000240084065000510086420150623095305.0131112b2003 ck ||||| |||| 00| spa d aCO-BoIAVHcCO-BoIAVH aspa ack aConstantino-Ch., Luis Miguel aProyecto :conservacion y uso sostenible de la biodiversidad, cria de mariposas con comunidades rurales del alto calima (rio Bravo) y Bajo Anchicaya, VallebInforme final aCalibInstituto de Investigación de Recursos Biológicos Alexander von Humboldtc2003 a165 p.bilc27 cm aInforme técnico contrato Nº 42-2002 Para Instituto de Investigación de Recursos Biológicos Alexander von Humboldt, Ministerio del Medio Ambiente y Corporación Autonoma Regional del Valle de Cauca.  aInforme de consultoria y capacitacion recopilacion de datos y experiencias obtenidas en las localidades de la Playa corregimiento de río Bravo- Calima y Guaimia, Bajo Anchicaya. aEspecies silvestres aInsectos tropicales aMariposas zRio bravo-calima (Valle del Cauca)